Perodua Car Models Worldwide 2024-25 - Statistics

General Stats
  • This quiz has been taken 64 times
    46 since last reset
  • The average score is 5 of 6
Answer Stats
Hint Answer % Correct
Subcompact Hatchback Myvi
93%
City Car Notchback Bezza
83%
Mini MPV Alza
80%
City Car Axia
80%
Subcompact Crossover Ativa
77%
Compact Crossover Aruz
73%
No matching quizzes found
Score Distribution
Percent of People with Each Score
Percentile by Number Answered
Your Score History
You have not taken this quiz since the last reset